Statistiques concernant Top 10 des états les plus peuplés des Etats Unis

Cliquez ici pour prendre le quiz!

Statistiques générales

  • Ce quiz a été pris 63 fois
  • Le résultat moyen est 7 sur 10

Statistiques - réponses

PlacePopulationRéponse% Correct
230,5 millionsTexas
97%
419,5 millionsNew York
95%
140 millionsCalifornie
93%
322,6 millionsFloride
93%
612,5 millionsIllinois
60%
910,8 millionsCaroline du Nord
50%
512,9 millionsPennsylvanie
48%
811 millionsGéorgie
47%
1010 millionsMichigan
47%
711,7 millionsOhio
40%

Distribution des résultats

Percentile par nombre de réponses

% des personnes avec chaque résultat

Votre développement - résultats

Vous n’avez pas pris ce quiz